000 00793cab a2200229 4500
001 ABS51249
008 090401t1994 xxu||||| |||| 00| 0 eng d
035 _a(Sirsi) u17223
041 _aeng
100 _aEdwards, P.
245 _aDevelopment and construction of the UK`s first two commercial wind farms
260 _c1994
350 _a0
490 _aProceedings of the Institution of Civil Engineers
_v(102) August 1994, 106-113(9)
520 _aDescribes the planning, funding, construction and operation of the UK`s first two commercial wind farms at Delabole and Carland Cross in Cornwall.
650 _aELECTRICITY ACT 1989
650 _aWIND FARMS
690 _aENVIRONMENTAL AND LAND CONSULTANCY-ENERGY
700 _aQuilleash, P.
942 _n0
948 _c04/03/1997
999 _c11421
_d11421